| 000 | 00734cab a2200253 4500 | ||
|---|---|---|---|
| 001 | ABS53443 | ||
| 008 | 090401t1995 xxu||||| |||| 00| 0 eng d | ||
| 035 | _a(Sirsi) u4229 | ||
| 041 | _aeng | ||
| 100 | _aEmden, B. | ||
| 245 | _aLandlord and Tenant (Covenants) Act 1995 | ||
| 260 | _c1995 | ||
| 350 | _a0 | ||
| 490 |
_aEstates Gazette _v(9533) 19 August 1995, 83(1) |
||
| 520 | _aHighlights the key provisions of the Landlord and Tenant (Covenants) Act 1995. | ||
| 650 | _aASSIGNMENT | ||
| 650 | _aLANDLORD AND TENANT (COVENANTS) ACT 1995 | ||
| 650 | _aORIGINAL TENANT | ||
| 650 | _aPRIVITY OF CONTRACT | ||
| 690 | _aLANDLORD AND TENANT-BUSINESS TENANCIES | ||
| 700 | _aGreen, T. | ||
| 942 | _n0 | ||
| 948 | _c04/03/1997 | ||
| 999 |
_c2533 _d2533 |
||